[Event "38th Olympiad"]
[Site "Dresden GER"]
[Date "2008.11.19"]
[Round "6"]
[White "Berend,F"]
[Black "Georgiev,Vl"]
[Result "0-1"]
[WhiteElo "2345"]
[BlackElo "2517"]
[EventDate "2008.11.13"]

1. e4 e5 2. Nf3 Nc6 3. Bb5 a6 4. Ba4 Nf6 5. O-O b5 6. Bb3 Bc5 7. a4 Bb7 8.
c3 d6 9. d4 Bb6 10. Bg5 h6 11. Bxf6 Qxf6 12. Bd5 O-O 13. Na3 exd4 14. cxd4
Ra7 15. Nc2 bxa4 16. Rxa4 a5 17. Re1 Ne7 18. Bxb7 Rxb7 19. Ne3 Rfb8 20. h3
c6 21. Nc4 d5 22. exd5 cxd5 23. Nxa5 Bxa5 24. Rxa5 Rxb2 25. Qa1 Kh7 26. Qa3
Ng6 27. Rxd5 Nf4 28. Rd6 Qf5 29. Qe3 R8b3 30. Qe4 Nxh3+ 31. Kh2 Qxe4 32.
Rxe4 Nxf2 33. Rf4 f6 34. Rd7 h5 35. Kg3 Ng4 36. Re4 Ne3 37. Kh3 Nxg2 38.
Kg3 f5 39. Ree7 f4+ 40. Kh2 Nh4+ 41. Kh3 Nf5 42. Rxg7+ Nxg7 43. Kh4 Rxf3
0-1

[Event "38th Olympiad"]
[Site "Dresden GER"]
[Date "2008.11.19"]
[Round "6"]
[White "Nedev,T"]
[Black "Bakalarz,M"]
[Result "0-1"]
[WhiteElo "2525"]
[BlackElo "2330"]
[EventDate "2008.11.13"]

1. e4 e5 2. Nf3 Nf6 3. Nxe5 d6 4. Nf3 Nxe4 5. d4 d5 6. Bd3 Nc6 7. O-O Be7
8. Re1 Bg4 9. c4 Nf6 10. Nc3 Nxd4 11. cxd5 Nxf3+ 12. gxf3 Bh5 13. Bb5+ Kf8
14. Bf4 Bd6 15. Bg3 h6 16. Qd3 a6 17. Ba4 b5 18. Bb3 Qd7 19. a4 b4 20. Ne4
Qf5 21. Re3 Bf4 22. Nc5 Qxd3 23. Rxd3 g5 24. a5 Kg7 25. Bc4 Rhd8 26. Nxa6
Nd7 27. Re1 Rxa6 28. Bxa6 Nc5 29. Bxf4 gxf4 30. d6 cxd6 31. Re5 Nxd3 32.
Rxh5 Ne5 33. Bb7 Kg6 34. Rh4 Kg5 35. Rg4+ Nxg4 36. fxg4 Re8 37. Kf1 Re5 38.
a6 Ra5 39. Ke2 d5 40. Kd3 Kxg4 41. Kc2 Kf3 42. Kb3 Kxf2 43. Kxb4 Ra1 44.
Kc5 Ke3 45. Kb6 d4 46. a7 Rxa7 0-1

[Event "38th Olympiad"]
[Site "Dresden GER"]
[Date "2008.11.19"]
[Round "6"]
[White "Brittner,S"]
[Black "Stanojoski,Z"]
[Result "0-1"]
[WhiteElo "2218"]
[BlackElo "2502"]
[EventDate "2008.11.13"]

1. d4 d5 2. c4 e6 3. Nf3 c6 4. e3 Nf6 5. Bd3 dxc4 6. Bxc4 Bd6 7. O-O O-O 8.
Qe2 Nbd7 9. Nbd2 Qe7 10. e4 e5 11. Re1 b5 12. Bb3 a6 13. Nf1 Bb4 14. Bd2
Bxd2 15. Qxd2 c5 16. dxe5 Nxe5 17. Nxe5 Qxe5 18. f4 Qc7 19. e5 Ng4 20. h3
Nh6 21. Bc2 Bf5 22. Rad1 Rad8 23. Qf2 c4 24. Ng3 Bxc2 25. Qxc2 Rxd1 26.
Rxd1 f6 27. Qe4 fxe5 28. fxe5 Re8 29. Qd5+ Nf7 30. e6 Qb6+ 31. Kh2 Qxe6 32.
Qf3 h6 33. Rd2 Ng5 34. Qb7 Qf6 35. Qd7 Rf8 36. Qd5+ Kh7 37. Re2 Rd8 38. Qc5
Qf4 39. Rf2 Qxg3+ 0-1

[Event "38th Olympiad"]
[Site "Dresden GER"]
[Date "2008.11.19"]
[Round "6"]
[White "Mitkov,N1"]
[Black "Gengler,P"]
[Result "1-0"]
[WhiteElo "2556"]
[BlackElo "2200"]
[EventDate "2008.11.13"]

1. d4 Nf6 2. Nf3 d6 3. Bg5 Nbd7 4. Nbd2 c6 5. c3 g6 6. e4 Bg7 7. Bd3 O-O 8.
O-O e5 9. Re1 Qc7 10. a4 Re8 11. h3 Nf8 12. Bf1 Be6 13. Qc2 h6 14. Be3 Rad8
15. a5 Qb8 16. b4 a6 17. dxe5 dxe5 18. Bb6 Rc8 19. Rab1 N8d7 20. Be3 Red8
21. Nc4 Ne8 22. Red1 c5 23. bxc5 Qc7 24. Nb6 Nxb6 25. Rxb6 Rxd1 26. Qxd1
Bd7 27. Bc4 Bc6 28. Bd5 Qd7 29. Qb3 Nc7 30. Bxc6 bxc6 31. Nd2 Bf8 32. Nc4
Qe6 33. Nd6 Qxb3 34. Rxb3 Bxd6 35. cxd6 Nb5 36. d7 Rd8 37. c4 Nd4 38. Rb7
Kf8 39. Bxh6+ Ke7 40. Be3 Ne6 41. Ra7 Rxd7 42. Rxa6 Rd1+ 43. Kh2 Nd4 44.
Ra7+ Ke6 45. a6 f5 46. exf5+ gxf5 47. Ra8 f4 48. a7 Ra1 49. Bxd4 exd4 50.
Re8+ Kd6 51. a8=Q Rxa8 52. Rxa8 Kc5 53. h4 1-0

[Event "38th Olympiad"]
[Site "Dresden GER"]
[Date "2008.11.19"]
[Round "6"]
[White "Mehmeti,D"]
[Black "De la Riva Aguado,O"]
[Result "1/2-1/2"]
[WhiteElo "2403"]
[BlackElo "2537"]
[EventDate "2008.11.13"]

1. d4 f5 2. Bg5 g6 3. h4 Bg7 4. Nc3 Nh6 5. Nf3 Nf7 6. Qd2 d5 7. O-O-O c6 8.
Bf4 Nd7 9. h5 gxh5 10. e3 Nf6 11. Be5 Nxe5 12. Nxe5 Be6 13. Be2 Qd6 14. f4
O-O-O 15. Bxh5 Kb8 16. Bf3 h5 17. Rh4 Rh6 18. Rdh1 Rdh8 19. Ne2 Qd8 20. Ng3
Qe8 21. Qb4 Ka8 22. b3 Bc8 23. Kb2 Ng4 24. Qd2 Bf6 25. R4h3 R8h7 26. a4 Qh8
27. Qe2 h4 28. Nf1 Qg7 29. Nh2 Nxh2 30. R1xh2 Qh8 1/2-1/2

[Event "38th Olympiad"]
[Site "Dresden GER"]
[Date "2008.11.19"]
[Round "6"]
[White "Garcia,Rau"]
[Black "Rama,L"]
[Result "1/2-1/2"]
[WhiteElo "2257"]
[BlackElo "2297"]
[EventDate "2008.11.13"]

1. d4 Nf6 2. Nf3 e6 3. c4 d5 4. e3 Be7 5. Nbd2 O-O 6. b3 b6 7. Bd3 Bb7 8.
O-O Nbd7 9. Bb2 Ne4 10. Qe2 f5 11. Rad1 Bd6 12. Ne5 Nxe5 13. dxe5 Nxd2 14.
Rxd2 Bb4 15. Rc2 c5 16. cxd5 Qxd5 17. f3 Rad8 18. Bc4 Qd7 19. Bb5 Qe7 20.
Rb1 Ra8 21. Ba6 Bxa6 22. Qxa6 Rad8 23. Qe2 Rd7 24. Rd1 Rfd8 25. Rxd7 Qxd7
26. Kf2 Bd2 27. g3 Kf7 28. Ba1 g5 29. f4 g4 30. e4 Kg6 31. Bb2 Ba5 32. Rc4
Qd3 33. Qxd3 Rxd3 34. exf5+ Kxf5 35. Rc2 Rd5 36. Ke2 Ke4 37. Rc4+ Kf5 38.
Rc2 b5 39. Bc1 Bb6 40. Be3 Ke4 41. Rc3 h5 42. Rc1 Kf5 43. Rc2 Kg6 44. Rc1
Kf7 45. a4 bxa4 46. bxa4 Kg6 47. Rc2 Kf5 48. Rc1 Ke4 49. Rc4+ Kf5 50. Rc2
Rd7 51. a5 Bxa5 52. Rxc5 Bb6 53. Rc8 Rd5 54. Rc2 Ke4 1/2-1/2

[Event "38th Olympiad"]
[Site "Dresden GER"]
[Date "2008.11.19"]
[Round "6"]
[White "Pornariyasombat,A"]
[Black "Anit,T"]
[Result "1/2-1/2"]
[WhiteElo "2173"]
[BlackElo "1881"]
[EventDate "2008.11.13"]

1. e4 c5 2. Nc3 d6 3. f4 Nc6 4. Bb5 Bd7 5. Nf3 a6 6. Bxc6 Bxc6 7. d4 cxd4
8. Nxd4 e5 9. Nxc6 bxc6 10. Qf3 Qb6 11. b3 Nf6 12. Bb2 exf4 13. Qxf4 Be7
14. O-O-O O-O 15. Kb1 Qb4 16. a3 Qa5 17. Na4 Rab8 18. Ka2 d5 19. exd5 Nxd5
20. Qg3 f6 21. Rhe1 Rb7 22. Re6 Qc7 23. c4 Nf4 24. Rxe7 Qxe7 25. Qxf4 Rfb8
26. Rd3 Rd8 27. Rg3 Kh8 28. Qf5 Qd7 29. Qf3 Qd6 30. Qh5 Qd2 31. Qc5 Qd6 32.
Re3 Qd7 33. Qh5 Qf7 34. Qf3 Re8 35. Rxe8+ Qxe8 36. Nc5 Re7 37. g4 Re2 38.
Qf4 Qe5 39. Qxe5 fxe5 40. Nxa6 e4 41. Nb4 e3 42. Nxc6 Rxb2+ 43. Kxb2 e2 44.
b4 e1=Q 45. b5 Qg1 46. a4 Qxh2+ 47. Kb3 Qg3+ 48. Kb4 Qxg4 49. b6 Qd7 50.
Kb5 h5 51. a5 h4 52. a6 h3 53. b7 Qc7 54. b8=Q+ Qxb8+ 55. Nxb8 h2 56. c5
h1=Q 57. Kb6 Qb1+ 58. Kc7 g5 59. Nd7 g4 60. a7 Qa2 61. Kb7 g3 62. c6 g2 63.
a8=Q+ Qxa8+ 64. Kxa8 g1=Q 65. c7 Qg2+ 66. Kb8 Qb2+ 67. Nb6 1/2-1/2

[Event "38th Olympiad"]
[Site "Dresden GER"]
[Date "2008.11.19"]
[Round "6"]
[White "Farazi,K"]
[Black "Teerapabpaisit,W"]
[Result "0-1"]
[WhiteElo "2207"]
[BlackElo "2306"]
[EventDate "2008.11.13"]

1. Nf3 c5 2. e4 e6 3. d4 cxd4 4. Nxd4 a6 5. Nc3 b5 6. a3 Bb7 7. Bd3 Qc7 8.
O-O Nf6 9. Qe2 Bd6 10. Nf3 Nc6 11. h3 Ne5 12. Nd4 Bc5 13. Nb3 Bb6 14. Be3
d6 15. Rad1 O-O 16. Kh1 Rac8 17. f4 Nc4 18. Bc1 g6 19. Bxc4 Nh5 20. Qe1
bxc4 21. Nd4 Qb8 22. f5 d5 23. e5 exf5 24. Nxf5 Rce8 25. Nd6 d4 26. Nxe8
Rxe8 27. Qf2 Qc7 28. Na4 Ba7 29. Bf4 Nxf4 30. Qxf4 Rxe5 31. b3 cxb3 32.
cxb3 Re7 33. Rxd4 Bxd4 34. Qxd4 Re2 35. Rg1 Qg3 36. Qd8+ Kg7 37. Qd4+ Kh6
38. Qg4 Bxg2+ 0-1

[Event "38th Olympiad"]
[Site "Dresden GER"]
[Date "2008.11.19"]
[Round "6"]
[White "Belzo,K"]
[Black "Berlinsky,V"]
[Result "0-1"]
[WhiteElo "1993"]
[BlackElo "2325"]
[EventDate "2008.11.13"]

1. c4 e5 2. g3 Nc6 3. Bg2 f5 4. e3 Nf6 5. Ne2 d6 6. O-O g6 7. Nbc3 Bg7 8.
Rb1 O-O 9. d3 a5 10. a3 Be6 11. b4 axb4 12. axb4 d5 13. cxd5 Nxd5 14. Nxd5
Bxd5 15. b5 Na5 16. Nc3 Bxg2 17. Kxg2 Qd7 18. Qc2 b6 19. Bb2 f4 20. exf4
exf4 21. f3 fxg3 22. hxg3 Rad8 23. Rbd1 c5 24. Na4 Qxb5 25. Bxg7 Kxg7 26.
Rf2 Rd4 27. Nc3 Qd7 28. Ne4 Nc6 29. Rb1 Nb4 30. Qc3 Nxd3 31. Rd2 Ne5 32. f4
Qd5 33. Rxd4 cxd4 34. Qc7+ Nf7 35. Re1 Re8 36. Kf3 b5 37. g4 b4 38. Re2 d3
0-1

[Event "38th Olympiad"]
[Site "Dresden GER"]
[Date "2008.11.19"]
[Round "6"]
[White "Hawes,J"]
[Black "Pribeanu,D"]
[Result "1/2-1/2"]
[WhiteElo "2174"]
[BlackElo "2232"]
[EventDate "2008.11.13"]

1. d4 Nf6 2. c4 g6 3. Nc3 Bg7 4. e4 d6 5. f3 O-O 6. Be3 c6 7. Qd2 a6 8. Bd3
Nbd7 9. Nge2 b5 10. cxb5 axb5 11. b4 Bb7 12. O-O e5 13. Rac1 exd4 14. Nxd4
Ne5 15. Nb3 Nfd7 16. Na5 Rxa5 17. bxa5 Nxd3 18. Qxd3 Ne5 19. Qc2 Qxa5 20.
Rfd1 Nc4 21. Bd4 Bh6 22. Ra1 c5 23. Bf6 Ne3 24. Qd2 b4 25. Ne2 c4 26. Rdc1
Ng4 27. Qxd6 Nxf6 28. Rxc4 Bg7 29. e5 Ne8 30. Qxb4 Qxe5 31. Re1 Qe3+ 32.
Kh1 Ba6 33. Re4 Qf2 34. Ng1 Nf6 35. Re5 Nh5 36. Nh3 Qc2 37. Re8 Bc8 38.
Rxf8+ Bxf8 39. Re8 Qc1+ 40. Ng1 Qh6 41. g4 Bd7 42. Qxf8+ Qxf8 43. Rxf8+
Kxf8 44. gxh5 1/2-1/2

[Event "38th Olympiad"]
[Site "Dresden GER"]
[Date "2008.11.19"]
[Round "6"]
[White "Picado,J"]
[Black "Kim Yongtae"]
[Result "1-0"]
[WhiteElo "2219"]
[BlackElo "1853"]
[EventDate "2008.11.13"]

1. c4 Nf6 2. Nc3 e6 3. e4 d6 4. d4 Nbd7 5. Be3 c5 6. dxc5 dxc5 7. f4 e5 8.
fxe5 Nxe5 9. Qxd8+ Kxd8 10. O-O-O+ Ned7 11. Nf3 a6 12. h3 b6 13. e5 Nh5 14.
Nd5 Rb8 15. Bf2 g6 16. g4 Bh6+ 17. Kc2 Nf4 18. g5 Nxd5 19. cxd5 Bg7 20. Bg3
Ra8 21. e6 Nf8 22. Ne5 fxe6 23. dxe6+ Ke8 24. Bg2 Nxe6 25. Bc6+ Ke7 26.
Rhe1 Ra7 27. Bd5 Bxe5 28. Bxe5 Rf8 29. Bb8 Rf2+ 30. Rd2 Rxd2+ 31. Kxd2 Rd7
32. Rxe6+ Kf7 33. Bd6 Kg7 34. Ke3 Rd8 35. Be5+ Kf7 36. Rd6+ Ke7 37. Rxd8
Kxd8 38. h4 Bd7 39. Bg8 Ke7 40. Bxh7 Be8 41. Bg8 b5 42. Bd5 a5 43. Ke4 Bd7
44. Bc7 a4 45. Ke5 c4 46. Bd6+ Kd8 47. Bf7 Be8 48. Bxe8 Kxe8 49. Kf6 Kd7
50. Bb4 Kc6 51. Kxg6 Kd5 52. Kf5 Kd4 53. g6 Kd5 1-0

[Event "38th Olympiad"]
[Site "Dresden GER"]
[Date "2008.11.19"]
[Round "6"]
[White "Chung,S"]
[Black "Alfaro,W"]
[Result "0-1"]
[WhiteElo "1828"]
[BlackElo "2200"]
[EventDate "2008.11.13"]

1. e4 c5 2. Nf3 d6 3. d4 cxd4 4. Nxd4 Nf6 5. Nc3 g6 6. Be2 Bg7 7. O-O O-O
8. Be3 Nc6 9. Qd2 Ng4 10. Bxg4 Bxg4 11. f3 Bd7 12. Nxc6 bxc6 13. Bd4 Bxd4+
14. Qxd4 Qb6 15. Qxb6 axb6 16. a4 Ra7 17. Rad1 Rb8 18. b4 Be6 19. f4 f5 20.
Rfe1 fxe4 21. Rxe4 Bf5 22. Rc4 b5 23. axb5 cxb5 24. Rcd4 Bxc2 25. R1d2 Bb3
26. Re2 Bc4 27. Re3 Rf8 28. h3 Ra1+ 29. Kh2 Ra7 30. g4 h6 31. Kg3 Kf7 32.
h4 Ra3 33. Nd5 Rxe3+ 34. Nxe3 e5 35. fxe5 dxe5 36. Re4 Ke6 37. Nxc4 bxc4
38. Rxc4 Kd5 39. Rc5+ Kd6 40. Rb5 e4 41. Rb6+ Ke5 42. Rxg6 e3 43. Rg7 Kd6
44. Rg6+ Kd5 45. Rg7 Re8 46. Rd7+ Kc4 47. Rd1 e2 48. Re1 Kd3 49. g5 h5 50.
g6 Rg8 51. Ra1 Rxg6+ 52. Kf2 Rf6+ 53. Kg1 Rf3 54. b5 Ke4 55. Re1 Ke3 56.
Ra1 Rg3+ 57. Kh2 Kf2 58. Ra2 Rg4 59. Kh3 Kf1 0-1

[Event "38th Olympiad"]
[Site "Dresden GER"]
[Date "2008.11.19"]
[Round "6"]
[White "Arora,N"]
[Black "Samhouri,B"]
[Result "0-1"]
[WhiteElo "1887"]
[BlackElo "2205"]
[EventDate "2008.11.13"]

1. e4 Nf6 2. e5 Nd5 3. d4 d6 4. Nf3 g6 5. exd6 cxd6 6. Be2 Bg7 7. O-O Nc6
8. c3 O-O 9. Nbd2 h6 10. Ne4 Kh7 11. Ng3 e5 12. dxe5 dxe5 13. Qc2 Qe7 14.
Re1 Be6 15. Bd3 f5 16. Qe2 e4 17. Bc2 Rfe8 18. Nd4 Nxd4 19. cxd4 Bxd4 20.
Bxh6 Bxb2 21. Rab1 Nc3 22. Qe3 Nxb1 23. Rxb1 Bf6 24. Bf4 g5 25. Nxe4 gxf4
26. Nxf6+ Qxf6 27. Rxb7+ Bf7 28. Qh3+ Kg8 29. Rb1 Rab8 30. Rd1 Rbd8 31.
Rxd8 Qa1+ 32. Rd1 Qxd1+ 0-1

[Event "38th Olympiad"]
[Site "Dresden GER"]
[Date "2008.11.19"]
[Round "6"]
[White "Rimawi,B"]
[Black "Goundar,S"]
[Result "1-0"]
[WhiteElo "2221"]
[BlackElo "1883"]
[EventDate "2008.11.13"]

1. e4 c5 2. Nf3 d6 3. d4 cxd4 4. Nxd4 Nf6 5. Nc3 a6 6. Bg5 e6 7. f4 Nc6 8.
Nxc6 bxc6 9. e5 h6 10. Bh4 g5 11. fxg5 Nd5 12. Nxd5 cxd5 13. Qh5 Be7 14.
exd6 Qxd6 15. Be2 Qc5 16. Bf2 Qb4+ 17. c3 Qxb2 18. O-O Qxc3 19. g6 Kf8 20.
Rac1 Qg7 21. gxf7 Qg5 22. Qf3 Bd6 23. Rc6 Qe7 24. Rxd6 Qxd6 25. Qc3 1-0

[Event "38th Olympiad"]
[Site "Dresden GER"]
[Date "2008.11.19"]
[Round "6"]
[White "Mohannad,F"]
[Black "Kumar,M"]
[Result "1-0"]
[WhiteElo "2269"]
[BlackElo "2019"]
[EventDate "2008.11.13"]

1. d4 Nf6 2. c4 e6 3. Nc3 d5 4. cxd5 exd5 5. Bg5 Be7 6. e3 O-O 7. Bd3 Nbd7
8. Qc2 Re8 9. Nf3 c6 10. O-O Nf8 11. Rae1 h6 12. Bh4 N8d7 13. Rb1 Ne4 14.
Bxe7 Qxe7 15. b4 a6 16. a4 Ndf6 17. b5 c5 18. dxc5 Nxc5 19. Rbc1 b6 20. Be2
a5 21. Rfd1 Bb7 22. Nd4 Rac8 23. Nc6 Qe6 24. Rd4 Nce4 25. Nxe4 dxe4 26. Bc4
Qg4 27. Qb3 Rc7 28. Rcd1 Qh5 29. h3 Bc8 30. Rd8 Rd7 31. R1xd7 Bxd7 32.
Rxe8+ Bxe8 33. Ne7+ Kh7 34. Nd5 Nxd5 35. Bxd5 f5 36. Bg8+ Kh8 37. Qd5 Qe2
38. Be6 Qe1+ 39. Kh2 Qe2 40. Qd8 Qh5 41. Bd7 1-0

[Event "38th Olympiad"]
[Site "Dresden GER"]
[Date "2008.11.19"]
[Round "6"]
[White "Njobvu,I"]
[Black "Surbir,L"]
[Result "0-1"]
[WhiteElo "2247"]
[BlackElo "2084"]
[EventDate "2008.11.13"]

1. d4 d5 2. Nf3 Nf6 3. c4 c6 4. Qc2 e6 5. g3 Nbd7 6. Bg2 Bd6 7. O-O O-O 8.
Nbd2 Re8 9. Rd1 Qe7 10. e4 dxe4 11. Nxe4 Nxe4 12. Qxe4 e5 13. dxe5 Nxe5 14.
Nxe5 Bxe5 15. Bf4 Bf6 16. Qxe7 Bxe7 17. Bd6 Bf6 18. Rd2 Be6 19. c5 h5 20.
a3 a5 21. Rc1 Bg5 22. f4 Bf6 23. Bf1 Bd5 24. Kf2 Re4 25. Bg2 Rd4 26. Rcd1
Rxd2+ 27. Rxd2 Bc4 28. Bc7 a4 29. Bf3 g6 30. Bb6 Re8 31. Ba5 Be7 32. Bb6
Bf6 33. Ba5 Be7 34. Bb4 Rd8 35. Rxd8+ Bxd8 36. Bc3 f5 37. Bd1 b5 38. Bf3
Bd5 39. Bxd5+ cxd5 40. Be5 Kf7 41. Ke3 Ke6 42. Kd4 Ba5 43. Kd3 Kd7 44. Bc3
Bd8 45. Kd4 Kc6 46. Ke5 Be7 47. Ke6 Bxc5 48. Kf6 Be3 49. Kxg6 d4 50. Kxf5
dxc3 51. bxc3 Bd2 52. Kg6 Bxc3 53. f5 b4 54. f6 Bxf6 0-1

[Event "38th Olympiad"]
[Site "Dresden GER"]
[Date "2008.11.19"]
[Round "6"]
[White "Balram,N"]
[Black "Khetho,P"]
[Result "0-1"]
[WhiteElo "1909"]
[BlackElo "2229"]
[EventDate "2008.11.13"]

1. e4 c5 2. Nf3 g6 3. d4 cxd4 4. Nxd4 Nc6 5. Nc3 Bg7 6. Be3 Nf6 7. f3 O-O
8. Qd2 d5 9. exd5 Nxd5 10. Nxc6 bxc6 11. Bd4 e5 12. Bc5 Re8 13. Ne4 f5 14.
Nd6 e4 15. Nxe8 Bxb2 16. Rd1 Qxe8 17. Kf2 Bc3 18. Qc1 f4 19. Bc4 e3+ 20.
Ke2 Be6 21. Qa3 Bd2 22. Bd4 Nc3+ 23. Kd3 Bxc4+ 24. Kxc4 Qe6+ 25. Kd3 Qf5+
26. Kc4 Qb5+ 0-1

[Event "38th Olympiad"]
[Site "Dresden GER"]
[Date "2008.11.19"]
[Round "6"]
[White "Pitlagano,T"]
[Black "Sujendra,P"]
[Result "1-0"]
[WhiteElo "2155"]
[BlackElo "2068"]
[EventDate "2008.11.13"]

1. e4 c5 2. Nf3 d6 3. d4 cxd4 4. Nxd4 Nf6 5. Nc3 a6 6. Be2 e5 7. Nb3 Be7 8.
a4 Be6 9. Be3 Nbd7 10. a5 O-O 11. O-O Rc8 12. Qd2 Qc7 13. Rfd1 Bxb3 14.
cxb3 Nc5 15. Bxc5 Qxc5 16. Bc4 Rfd8 17. Qe1 Bf8 18. Na4 Qc7 19. Nb6 Rb8 20.
Rac1 Qe7 21. b4 d5 22. Nxd5 Nxd5 23. Bxd5 Rd7 24. Rc4 Rbd8 25. Qc3 Kh8 26.
Qb3 f5 27. f3 h6 28. b5 Qg5 29. b6 Bd6 30. Kh1 h5 31. Be6 Re7 32. Rxd6 Rxe6
33. Rxe6 fxe4 34. h3 e3 35. Re4 h4 36. R6xe5 Qh6 37. Re8+ 1-0

[Event "38th Olympiad"]
[Site "Dresden GER"]
[Date "2008.11.19"]
[Round "6"]
[White "Manish,H"]
[Black "Barileng,G"]
[Result "1/2-1/2"]
[WhiteElo "2028"]
[BlackElo "2107"]
[EventDate "2008.11.13"]

1. e4 c5 2. Nf3 d6 3. d4 cxd4 4. Nxd4 Nf6 5. Nc3 a6 6. Be2 e5 7. Nb3 Be6 8.
O-O Nbd7 9. f4 Qc7 10. Kh1 Be7 11. f5 Bc4 12. Bg5 Rc8 13. Bxc4 Qxc4 14. Qf3
b5 15. a3 h6 16. Bh4 Qc6 17. Rad1 Qb6 18. Qe2 Qb7 19. Rf3 Qc7 20. h3 Qc4
21. Rf2 Qxe2 22. Rxe2 O-O 23. Bxf6 Nxf6 24. Nd5 Nxd5 25. Rxd5 Rfd8 26. Kg1
Kf8 27. Kf2 Bg5 28. g3 h5 29. c3 Ke7 30. Re1 g6 31. Red1 Rc4 32. Na5 Rc7
33. Kf3 gxf5 34. exf5 Bh6 35. Ke4 Bf8 36. f6+ Kxf6 37. Rxe5 dxe5 38. Rxd8
Bc5 39. Rd5 Bf2 40. Rd6+ Kg5 41. Kf3 Be1 42. Rd1 Bxc3 43. bxc3 Rxc3+ 44.
Kg2 Rxa3 45. Nc6 f6 46. Nb4 a5 47. Nd5 b4 48. h4+ Kg6 49. Rc1 f5 50. Rc6+
Kg7 51. Ne7 f4 52. gxf4 exf4 53. Nd5 f3+ 54. Kf2 b3 55. Rb6 Kf7 56. Kxf3 a4
57. Ke2 Ra2+ 58. Kd3 Rh2 59. Nc3 Rxh4 60. Nxa4 Rxa4 61. Rxb3 Rf4 62. Ke2
Kg6 63. Rf3 Rg4 64. Kf2 Kg5 65. Rh3 h4 66. Rf3 Ra4 67. Kg2 Kg4 68. Rf2 Rb4
69. Ra2 Rf4 70. Rb2 Rd4 71. Ra2 h3+ 72. Kh2 Rb4 73. Rc2 Re4 74. Ra2 Rb4
1/2-1/2

[Event "38th Olympiad"]
[Site "Dresden GER"]
[Date "2008.11.19"]
[Round "6"]
[White "Elliott,W"]
[Black "Fancy,S"]
[Result "1-0"]
[WhiteElo "2264"]
[BlackElo "2128"]
[EventDate "2008.11.13"]

1. e4 c5 2. Nf3 e6 3. d4 cxd4 4. Nxd4 Nf6 5. Nc3 Nc6 6. Ndb5 Bb4 7. a3
Bxc3+ 8. Nxc3 d5 9. exd5 exd5 10. Bd3 Bg4 11. f3 Be6 12. O-O O-O 13. Bg5
Ne5 14. Kh1 h6 15. Bh4 g5 16. Bf2 a6 17. Re1 Nc4 18. b3 Nd6 19. Ne2 Bf5 20.
Nd4 Bxd3 21. Qxd3 Qd7 22. Bg3 Rfe8 23. Bxd6 Qxd6 24. Nf5 Qxa3 25. Nxh6+ Kf8
26. Qf5 Qb4 27. Red1 Qf4 28. Qxf4 gxf4 29. Nf5 Re2 30. Nd4 Re3 31. Kg1 Rc8
32. Kf2 Rec3 33. Rd2 Ne8 34. Ra2 1-0

[Event "38th Olympiad"]
[Site "Dresden GER"]
[Date "2008.11.19"]
[Round "6"]
[White "Press,S"]
[Black "Matthews,S"]
[Result "0-1"]
[WhiteElo "2090"]
[BlackElo "2179"]
[EventDate "2008.11.13"]

1. e4 c5 2. Nf3 d6 3. d4 cxd4 4. Nxd4 Nf6 5. Nc3 a6 6. Be3 e6 7. Be2 Be7 8.
a4 Qc7 9. f4 Nc6 10. O-O O-O 11. Kh1 Bd7 12. g4 Nxd4 13. Bxd4 Bc6 14. Bf3
Rad8 15. a5 Nd7 16. Be3 Bf6 17. Bd2 Nc5 18. Qe1 d5 19. e5 Be7 20. g5 Rd7
21. Bg2 g6 22. Nd1 d4 23. Nf2 Bxg2+ 24. Kxg2 Qc6+ 25. Kg1 h5 26. gxh6 Bh4
27. Qe2 Bxf2+ 28. Qxf2 Ne4 29. Qh4 Kh7 30. Bb4 Rg8 31. Be7 Qxc2 32. Rae1
Qc6 33. Rxe4 Qxe4 34. Qf6 Qf5 35. Qxf5 gxf5+ 36. Bg5 Rc8 0-1

[Event "38th Olympiad"]
[Site "Dresden GER"]
[Date "2008.11.19"]
[Round "6"]
[White "Rowe,D"]
[Black "Jones,Ru"]
[Result "1/2-1/2"]
[WhiteElo "2203"]
[BlackElo "1966"]
[EventDate "2008.11.13"]

1. e4 e5 2. Nf3 Nf6 3. Nxe5 d6 4. Nf3 Nxe4 5. c4 Be7 6. Nc3 Nxc3 7. dxc3
Nd7 8. Be3 Nc5 9. Qc2 c6 10. O-O-O Qc7 11. Nd4 g6 12. Be2 Bd7 13. g4 O-O-O
14. h4 Rde8 15. Bf4 Ne6 16. Bg3 Nxd4 17. Rxd4 c5 18. Rd2 Bc6 19. Rhd1 Rd8
20. b4 b6 21. b5 Bb7 22. Qa4 Kb8 23. Rd3 Rhe8 24. Bf3 Bxf3 25. Rxf3 Bf8 26.
Qc2 Re6 27. Qd3 Rd7 28. Qd5 Qb7 29. Qxe6 Bh6+ 30. Qe3 Bxe3+ 31. Rxe3 Qg2
32. Bxd6+ Kb7 33. Re8 a6 34. Rb8+ Ka7 35. Re8 Qxg4 36. Rd2 axb5 37. cxb5
Kb7 38. Rb8+ Ka7 39. Re8 Rxd6 40. Rxd6 Qf4+ 41. Rd2 Kb7 42. Kc2 Qa4+ 43.
Kc1 Qxb5 44. Re7+ Kc8 45. Rxf7 Qc4 46. Rxh7 Qxc3+ 47. Kd1 Qf3+ 48. Ke1 Qh1+
49. Ke2 Qe4+ 50. Kf1 Qh1+ 1/2-1/2

[Event "38th Olympiad"]
[Site "Dresden GER"]
[Date "2008.11.19"]
[Round "6"]
[White "Grassi,E"]
[Black "Jere,D"]
[Result "0-1"]
[WhiteElo "2063"]
[BlackElo "2240"]
[EventDate "2008.11.13"]

1. e4 e6 2. d4 d5 3. exd5 exd5 4. Bd3 Nc6 5. c3 Bd6 6. Ne2 Qh4 7. g3 Qf6 8.
Bf4 Bg4 9. Bxd6 Qxd6 10. Qd2 O-O-O 11. Qf4 Qxf4 12. Nxf4 Re8+ 13. Kd2 g5
14. Nxd5 Bf3 15. Nxc7 Kxc7 16. Re1 Nf6 17. Na3 a6 18. Nc4 h5 19. Ne3 h4 20.
Nf5 h3 21. Re3 Be4 22. f3 Bxf5 23. Bxf5 Rxe3 24. Kxe3 Ne7 25. Bd3 Re8 26.
Kf2 g4 27. Re1 Kd7 28. Re2 Rc8 29. fxg4 Nxg4+ 30. Kf3 Nf6 31. Re5 Rg8 32.
Bf1 Rh8 33. Bc4 Rh7 34. Bd3 Rh6 35. Bc4 Ne8 36. g4 Nd6 37. Bd3 f6 38. Rh5
Rxh5 39. gxh5 Nef5 40. Kf4 Nh6 41. Bf1 Kc7 42. Bxh3 a5 43. Bf1 Nc8 44. a3
Nb6 45. Bb5 Nd5+ 46. Ke4 Kd6 47. c4 f5+ 48. Kf3 Nc7 49. Ba4 Ne6 50. c5+ Ke7
51. b4 axb4 52. axb4 Nxd4+ 53. Kf4 Kf6 54. Bd7 Nc2 55. b5 Nb4 56. c6 Nd5+
57. Kf3 b6 58. h4 Nc7 59. Ke3 Ke5 60. Kd3 Nxb5 0-1

[Event "38th Olympiad"]
[Site "Dresden GER"]
[Date "2008.11.19"]
[Round "6"]
[White "Del Castilho,M"]
[Black "Russell,MKA"]
[Result "0-1"]
[WhiteElo "2161"]
[BlackElo "2230"]
[EventDate "2008.11.13"]

1. d4 d5 2. c4 c6 3. Nf3 Nf6 4. Nc3 dxc4 5. a4 Bf5 6. e3 e6 7. Bxc4 Bb4 8.
O-O O-O 9. Qe2 Bg4 10. h3 Bh5 11. Rd1 Nbd7 12. e4 Qe7 13. g4 Bg6 14. Ne5
Nxe5 15. dxe5 Nd7 16. f4 f6 17. exf6 Nxf6 18. f5 Bf7 19. e5 Nd5 20. Nxd5
cxd5 21. Bd3 Qh4 22. Kh2 exf5 23. Bxf5 g6 24. Bd7 Rad8 25. Bb5 a6 26. Bd3
Be6 27. Be3 h5 28. Bxg6 hxg4 29. Qg2 0-1

[Event "38th Olympiad"]
[Site "Dresden GER"]
[Date "2008.11.19"]
[Round "6"]
[White "Corbin,Ph"]
[Black "Rajapakse,R"]
[Result "0-1"]
[WhiteElo "2176"]
[BlackElo "1646"]
[EventDate "2008.11.13"]

1. e4 c5 2. d4 cxd4 3. c3 dxc3 4. Nxc3 Nc6 5. Nf3 d6 6. Bc4 a6 7. a4 Nf6 8.
h3 e6 9. O-O Be7 10. Qe2 O-O 11. Rd1 Qc7 12. Bf4 Ne5 13. Ba2 Bd7 14. Rac1
Qa5 15. b4 Qxb4 16. Nxe5 dxe5 17. Bxe5 Bc6 18. Rb1 Qa5 19. Bd4 e5 20. Bb6
Qxc3 21. Rd3 Nxe4 22. Rxc3 Nxc3 23. Qxe5 Bf6 24. Qf5 Be4 25. Qg4 Bxb1 26.
Bb3 Rac8 27. h4 Ba2 28. Bc2 Nd5 29. Qe4 g6 30. Ba5 b6 31. Bd2 Bg7 32. h5
Nf6 33. Qd3 Rfd8 34. Qxa6 Rxc2 35. Bg5 Ng4 36. Qf1 Re8 37. Qd1 Rce2 38. Be3
Bc4 39. hxg6 hxg6 40. g3 Nxe3 41. fxe3 R2xe3 42. Qd6 Re2 43. Qd7 Bf6 44. a5
Rd8 45. Qa4 b5 0-1